=LDR 00000nam 2200000 4500 =001 INLIS000000000042566 =005 20131008015350 =008 ***********************************ind** =035 ##$$0010-101300000000488 =041 ##$$a ind =082 ##$$a 617.07 =090 ##$$a 617.07, Buk b =245 ##$$a Bukuajar patologi II (khusus), Editor, I Made nasar, Sutisna himawan, Wirasmin Marwoto =260 ##$$a 2010 $b Jakarta =300 ##$$a Viii,738 hlm, 22 cm =650 ##$$a PATOLOGI =700 ##$$a I Made Nasar =850 ##$$a NBPNMAT